000 00308nam a2200121Ia 4500
008 191201s2019 xx 000 0 und d
100 _aMEHTANI, jai Gopal
245 0 _aSpinning Tablet VIII Fly Frames
260 _aN.Delhi
_bThe Textile Association
300 _a16
650 _aB.Tech(TE)
942 _2ddc
_cBK
999 _c3443
_d3443